|
|
|
|
| LEADER |
01376nam a2200289 a 4500 |
| 001 |
1261765 |
| 008 |
090819s1975 nyua b 001 0 eng d |
| 010 |
|
|
|a \\\74023954
|
| 020 |
|
|
|a 0070651426
|
| 040 |
|
|
|a DLC
|c DLC
|d DLC
|
| 082 |
0 |
0 |
|a 510/.2/40901
|
| 100 |
1 |
|
|a Tremblay, Jean-Paul,
|d 1938-
|
| 245 |
1 |
0 |
|a Discrete mathematical structures with applications to computer science /
|c J. P. Tremblay, R. Manohar.
|
| 260 |
|
|
|a New York :
|b McGraw-Hill,
|c [1975]
|
| 300 |
|
|
|a xvi, 606 p. :
|b ill. ;
|c 24 cm.
|
| 490 |
0 |
|
|a McGraw-Hill computer science series
|
| 504 |
|
|
|a Includes bibliographies and index.
|
| 541 |
1 |
|
|e 00006819
|
| 650 |
|
0 |
|a Mathematics.
|
| 650 |
|
0 |
|a Electronic data processing.
|
| 650 |
|
0 |
|a Machine theory.
|
| 700 |
1 |
|
|a Manohar, R.,
|d 1925-
|e joint author.
|
| 852 |
4 |
|
|a Ayesha Abed Library
|j General shelf
|
| 999 |
|
|
|c 3603
|d 3603
|
| 952 |
|
|
|0 0
|1 0
|2 ddc
|4 0
|6 510_240901000000000_TRE_1997
|7 0
|9 3270
|a BRACUL
|b BRACUL
|c GEN
|d 2009-09-02
|g 289.00
|l 4
|m 3
|o 510.240901 TRE
|p 3010006819
|r 2023-12-11
|s 2023-10-17
|t 1
|w 2009-09-02
|y BK
|
| 952 |
|
|
|0 0
|1 0
|2 ddc
|4 0
|6 510_240901000000000_TRE_1997
|7 0
|9 9612
|a BRACUL
|b BRACUL
|c GEN
|d 2010-05-02
|l 8
|m 26
|o 510.240901 TRE
|p 3010011749
|r 2024-05-14
|s 2024-03-25
|t 2
|w 2010-05-02
|y BK
|
| 952 |
|
|
|0 0
|1 0
|2 ddc
|4 0
|6 510_240901000000000_TRE_1997
|7 0
|9 9613
|a BRACUL
|b BRACUL
|c GEN
|d 2010-05-02
|l 2
|m 8
|o 510.240901 TRE
|p 3010006820
|r 2024-12-23
|s 2024-10-28
|t 3
|w 2010-05-02
|y BK
|